000 00559nam a2200157Ia 4500
003 SGT
082 _a5.133
_bGUP
100 _aGupta,Meenu
245 _aRapid application development in visual basic and visual C++
260 _bDhanpat Rai & Co.
_aN. Delhi
_c2010
300 _a260p.
650 _aCOMPUTER SCIENCE
653 _aINTRODUCTION TO VISUAL PROGRAMMING ENVIRONMENT, PARTS OF VISUAL LC++PROGRAM,WORKING WITH KEYBOARD, MOUSE EVENTS AND CONTROLS,SERIALIZATION & FILE HANDLING,WIN32 STATIC DLL AND OLE
700 _aYadav,Rajeev
942 _2ddc
_cBK
_03
999 _c5797
_d5797